| 000 | 00693cam a2200217 a 4500 | ||
|---|---|---|---|
| 001 | 4943556 | ||
| 005 | 20180228034854.0 | ||
| 008 | 960328s1996 nyua 001 0 eng | ||
| 010 | _a 96015772 | ||
| 020 | _a068481885X (alk. paper) | ||
| 040 |
_aDLC _cDLC _dDLC |
||
| 041 | _aeng | ||
| 080 | _a797.21 TER | ||
| 082 | 0 | 0 |
_a797.21 TER _220 |
| 100 | 1 | _a8 | |
| 101 | _aEKZ | ||
| 245 | 1 | 0 |
_aTotal immersion : _cTerry Laughlin with John Delves. |
| 906 |
_a7 _bcbc _corignew _d1 _eocip _f19 _gy-gencatlg |
||
| 942 |
_2ddc _cBK |
||
| 999 |
_c43682 _d43682 |
||